000 00623cam a2200205 a 4500
001 000007936
005 20200929154346.0
008 841012s1972 sp 000 1 spa
040 _aDO-SdBNP
_bspa
_dBNPHU
082 _a863.64
_bF812c
100 1 _aFraile, Medardo.
_921735
245 1 0 _aCon los días contados /
_cMedardo Fraile.
260 _aMadrid España :
_bDoncel,
_c1972.
300 _a171 p. ; :
_b18 cm.
490 1 _aLibro joven de bolsillo ;
_vno. 19
500 _aShort stories.
650 4 _aCuentos españoles
_93194
650 4 _aLiteratura española
_9632
830 0 _aLibro joven de bolsillo ;
_n19
_921736
999 _c7714
_d7714